Biology (0 03 033503 5)

Đã lưu trong:
Bibliografiske detaljer
Hovedforfatter: ELDRA P SOLOMON
Format: Bog
Sprog:Undetermined
Udgivet: Thomson Learning 2002
Tags: Tilføj Tag
Ingen Tags, Vær først til at tagge denne postø!
Thư viện lưu trữ: Trung tâm Học liệu Trường Đại học Cần Thơ
LEADER 00415nam a2200145Ia 4500
001 CTU_49322
008 210402s9999 xx 000 0 und d
082 |a 570 
082 |b S689 
100 |a ELDRA P SOLOMON 
245 0 |a Biology (0 03 033503 5) 
245 0 |c ELDRA P SOLOMON, Linda R. Berg, Diana W. Martin 
260 |b Thomson Learning 
260 |c 2002 
980 |a Trung tâm Học liệu Trường Đại học Cần Thơ